Unlocking town centre retail developments (Record no. 84028)
[ view plain ]
| 000 -LEADER | |
|---|---|
| fixed length control field | 01387cad a22002055a 4500 |
| 001 - CONTROL NUMBER | |
| control field | L156469 |
| 008 - FIXED-LENGTH DATA ELEMENTS--GENERAL INFORMATION | |
| fixed length control field | 120528s2012 xxk 000 0 eng d |
| 035 ## - SYSTEM CONTROL NUMBER | |
| System control number | (Sirsi) u156469 |
| 041 0# - LANGUAGE CODE | |
| Language code of text/sound track or separate title | eng |
| 110 2# - MAIN ENTRY--CORPORATE NAME | |
| Corporate name or jurisdiction name as entry element | GVA |
| 9 (RLIN) | 5945 |
| 245 00 - TITLE STATEMENT | |
| Title | Unlocking town centre retail developments |
| Remainder of title | May 2012 |
| Medium | [electronic resource] |
| 260 ## - PUBLICATION, DISTRIBUTION, ETC. | |
| Place of publication, distribution, etc. | London |
| Name of publisher, distributor, etc. | GVA |
| Date of publication, distribution, etc. | 2012 |
| 520 ## - SUMMARY, ETC. | |
| Summary, etc. | The crisis faced by many town centres and how to revive them, has been extensively debated over recent months. The Portas Review has made a series of recommendations, most of which have been adopted by ministers. However this debate has not addressed the reasons why so many town centres are failing to achieve the meaningful new development and investment needed to secure their future. Examines the problems facing town centres and the particular obstacles to new development and how to overcome these. Highlights the need to identify and actively promote appropriate and realistic new schemes. |
| 520 ## - SUMMARY, ETC. | |
| Summary, etc. | Introduction -- the challenges facing town centres -- responding to the challenges -- step 1: assessing the market potential -- step 2: framing the development opportunity -- step 3: delivery -- step 4: funding --conclusions. |
| 590 ## - LOCAL NOTE (RLIN) | |
| Local note | KA |
| 651 #4 - SUBJECT ADDED ENTRY--GEOGRAPHIC NAME | |
| Geographic name | United Kingdom |
| 690 ## - LOCAL SUBJECT ADDED ENTRY--TOPICAL TERM (OCLC, RLIN) | |
| Topical term or geographic name as entry element | Commercial property |
| 9 (RLIN) | 6227 |
| 856 40 - ELECTRONIC LOCATION AND ACCESS | |
| Uniform Resource Identifier | <a href="https://www.gva.co.uk/research/retail/">https://www.gva.co.uk/research/retail/</a> |
| Public note | View the report at www.gva.co.uk |
| 942 ## - ADDED ENTRY ELEMENTS (KOHA) | |
| Suppress in OPAC | 0 |
| Withdrawn status | Lost status | Source of classification or shelving scheme | Damaged status | Not for loan | Home library | Current library | Shelving location | Date acquired | Total Checkouts | Full call number | Barcode | Date last seen | Copy number | Price effective from | Koha item type |
|---|---|---|---|---|---|---|---|---|---|---|---|---|---|---|---|
| Dewey Decimal Classification | Virtual | Virtual | Online | 27/05/2012 | ONLINE PUBLICATION | 156469-2001 | 06/08/2019 | 1 | 06/08/2019 | Book |